| 000 | 02670cam a22005294i 4500 | ||
|---|---|---|---|
| 003 | PE-LiUPU | ||
| 005 | 20250731172749.0 | ||
| 008 | 150617s r 000 0 d | ||
| 035 | _a(Sirsi) a12397 | ||
| 040 |
_aPE-LiUPU _bspa _cPE-LiUPU _erda |
||
| 049 | _aPRUA | ||
| 082 | 0 | 4 |
_a224.504 _bH23 _221 |
| 100 | 1 |
_aHaskell, Stephen N., _eautor. |
|
| 245 | 1 | 4 |
_aThe story of Daniel the prophet / _cSthepen N. Haskell. |
| 264 | 1 |
_aMass : _bBible training school, _c1908. |
|
| 300 |
_a359 páginas : _bil. ; _c21 cm. |
||
| 336 |
_atext _2rdacontent |
||
| 337 |
_aunmediated _2rdamedia |
||
| 338 |
_avolume _2rdacarrier |
||
| 505 | 0 | _aDaniel and his fellows tested -- A controversy between truth and error -- true freedom in worshipáginas -the most high ruleth -- The last years of the babylonian Kingdom -- The handwriting on the wall -- Daniel in the lions' den -- The seventh chaper of Daniel -- The eighth chapter of Daniel -- The history of the jews -- The sanctuary -- Introduction to the last vision -- The history of the decrees -- The history of greece -- The fourth kingdom -- The mystery of iniquity -- The work of the mysteri of iniquity -- The closing scene. | |
| 526 | _aSEG42 | ||
| 526 | _aSEG41 | ||
| 526 | _aSEG40 | ||
| 526 | _aSEG39 | ||
| 526 | _aP94 | ||
| 526 | _aP87 | ||
| 526 | _aP86 | ||
| 526 | _aP85 | ||
| 526 | _aP77 | ||
| 526 | _aP76 | ||
| 526 | _aP35 | ||
| 600 | 1 | _aDaniel (Profeta bíblico) | |
| 630 |
_aBiblia _pDaniel _xComentarios. |
||
| 910 |
_ajck _bjvq _cjck _d20150616 |
||
| 942 |
_2ddc _cBOOK |
||
| 949 |
_a224.504 H23 _wDEWEY _c1 _i47076 _lCCODEBUL1 _mBUL _p00.00 _r0 _sY _tBOOK _u19900719 _xTEOLOGIA _PP35 _0COMPRA _o.STAFF. Colección general |
||
| 949 |
_a224.504 H23 _wDEWEY _c2 _i00936 _lCCODEBUL1 _mBUL _p00.00 _r0 _sY _tBOOK _u19900719 _xTEOLOGIA _PP35 _0COMPRA _o.STAFF. Colección general |
||
| 949 |
_a224.504 H23 _wDEWEY _c3 _i12380 _lCCODEBUL1 _mBUL _p00.00 _r0 _sY _tBOOK _u19900719 _xTEOLOGIA _PP35 _0COMPRA _o.STAFF. Colección general |
||
| 994 |
_aC0 _bPEPRU |
||
| 596 | _a1 | ||
| 999 |
_a224.504 H23 _wDEWEY _c2650 _i47076 _d2650 _f2021-11-9 _g5 _lCCODEBUL1 _mBUL _q2 _r0 _sY _tBOOK _u2015-6-17 _xTEOLOGIA _PP35 _0COMPRA _o.STAFF. Colección general |
||
| 999 |
_a224.504 H23 _wDEWEY _c2 _i00936 _f2021-11-11 _g5 _lCCODEBUL1 _mBUL _r0 _sY _tBOOK _u2015-6-17 _xTEOLOGIA _PP35 _0COMPRA _o.STAFF. Colección general |
||
| 999 |
_a224.504 H23 _wDEWEY _c3 _i12380 _d2017-11-6 _f2021-11-11 _g5 _lCCODEBUL1 _mBUL _q1 _r0 _sY _tBOOK _u2015-6-17 _xTEOLOGIA _PP35 _0COMPRA _o.STAFF. Colección general |
||
| 980 |
_81 _gALBERTO SANCHEZ Responsable de Automatización |
||